[Event "Amsterdam Science Park op-A"]
[Site "Amsterdam"]
[Date "2022.07.22"]
[Round "5"]
[White "Bullen, Alex"]
[Black "Kanis, Sierk"]
[Result "1/2-1/2"]
[WhiteElo "2106"]
[BlackElo "1985"]
[PlyCount "135"]
[EventDate "2022.07.18"]
[EventType "swiss"]
[EventRounds "7"]
[EventCountry "NED"]
[SourceTitle "CBM 209 Extra"]
[Source "ChessBase"]
[SourceDate "2022.09.30"]
[SourceVersion "1"]
[SourceVersionDate "2022.09.30"]
[SourceQuality "1"]

1. d4 Nf6 2. Nf3 c5 3. e3 d5 4. h3 Nc6 5. Bb5 Bd7 6. 0-0 e6 7. b3 cxd4 8. exd4 Rc8 9. Re1 Bd6 10. Bb2 0-0 11. a3 Ne4 12. Bd3 f5 13. c4 Qf6 14. Nc3 Be8 15. cxd5 Nxc3 16. Bxc3 exd5 17. Ne5 Qh4 18. Qf3 Ne7 19. Bb2 Bh5 20. Qg3 Qxg3 21. fxg3 Be8 22. Re2 Nc6 23. Rf1 g6 24. g4 fxg4 25. Rxf8+ Bxf8 26. hxg4 Bg7 27. b4 Bf7 28. Kf2 Nxe5 29. dxe5 Be6 30. g5 Bf8 31. Bd4 b6 32. Rc2 Be7 33. Be3 Kf7 34. Bf4 Bd7 35. Ke3 a5 36. Kd4 Ke6 37. Bd2 axb4 38. axb4 Rxc2 39. Bxc2 Bb5 40. Bd1 Bc4 41. Bg4+ Kf7 42. e6+ Ke8 43. Bf3 Bd6 44. Bxd5 Ba6 45. Ke4 Bf1 46. Kf3 Ke7 47. Bc3 Ke8 48. Kf2 Ba6 49. Bc6+ Ke7 50. Bd7 Bc4 51. Bf6+ Kf8 52. b5 Bc5+ 53. Kf3 Bd5+ 54. Kf4 Bxg2 55. Ke5 Bf3 56. Bd8 Bg2 57. Bc6 Bh3 58. Bd5 Bf1 59. Bc6 Bh3 60. Bf6 Bg4 61. Bd7 Bf3 62. Kf4 Bd5 63. Bd8 Bg2 64. Bc7 Ke7 65. Ke5 Bf3 66. Kf4 Bd5 67. Ke5 Bf3 68. Kf4 1/2-1/2

[Event "Utrecht OKU op 46th"]
[Site "Utrecht"]
[Date "2019.05.31"]
[Round "1"]
[White "Kanis, Sierk"]
[Black "Arnaudov, Petar G"]
[Result "0-1"]
[WhiteElo "2017"]
[BlackElo "2482"]
[PlyCount "62"]
[EventDate "2019.05.31"]
[EventType "swiss"]
[EventRounds "6"]
[EventCountry "NED"]
[SourceTitle "CBM 190 Extra"]
[Source "ChessBase"]
[SourceDate "2019.07.15"]
[SourceVersion "1"]
[SourceVersionDate "2019.07.15"]
[SourceQuality "1"]

1. d4 Nf6 2. c4 Nc6 3. Nc3 e5 4. d5 Ne7 5. e4 Ng6 6. Be3 Bb4 7. Bd3 Bxc3+ 8. bxc3 d6 9. h3 0-0 10. Ne2 h6 11. c5 Nd7 12. cxd6 cxd6 13. g4 Nc5 14. Bxc5 dxc5 15. Ng3 Qa5 16. Qd2 Nf4 17. Ne2 Ng2+ 18. Kf1 Nh4 19. Qb2 g6 20. Rg1 Qd8 21. Rg3 Kh7 22. Kg1 f5 23. gxf5 gxf5 24. c4 f4 25. Nxf4 Rxf4 26. Qxe5 Nf3+ 27. Rxf3 Rxf3 28. Qc3 Qg5+ 29. Kf1 Qe3 30. e5+ Qxd3+ 31. Qxd3+ Rxd3 0-1

[Event "Utrecht OKU op 45th"]
[Site "Utrecht"]
[Date "2018.06.02"]
[Round "4"]
[White "Kanis, Sierk"]
[Black "Maris, Ivo"]
[Result "0-1"]
[WhiteElo "1928"]
[BlackElo "2342"]
[PlyCount "92"]
[EventDate "2018.06.01"]
[EventType "swiss"]
[EventRounds "6"]
[EventCountry "NED"]
[SourceTitle "CBM 184 Extra"]
[Source "ChessBase"]
[SourceDate "2018.06.28"]
[SourceVersion "1"]
[SourceVersionDate "2018.06.28"]
[SourceQuality "1"]

1. e4 c5 2. Nf3 Nf6 3. Nc3 Nc6 4. d4 d5 5. exd5 Nxd5 6. dxc5 Nxc3 7. Qxd8+ Kxd8 8. bxc3 f6 9. Be3 e5 10. Bc4 Kc7 11. 0-0 Ne7 12. Nd2 Nf5 13. Ne4 Nxe3 14. fxe3 Bd7 15. Rfd1 Bf5 16. Nd6 Bxc2 17. Rd2 Ba4 18. Kf2 Bxd6 19. cxd6+ Kd7 20. Bd5 Rab8 21. Bf3 g6 22. e4 Ke6 23. Bg4+ f5 24. exf5+ gxf5 25. Be2 Rhd8 26. g4 f4 27. Bc4+ Kf6 28. Re1 Bc6 29. Bd5 Rxd6 30. g5+ Kxg5 31. Rxe5+ Kf6 32. Rh5 Rbd8 33. Rh6+ Kg5 34. Rxd6 Rxd6 35. c4 b5 36. Rd3 h6 37. Be4 Rxd3 38. Bxd3 b4 39. Bc2 Kf6 40. Ke2 Ke5 41. Bg6 Kd4 42. Bf7 a5 43. Kd2 a4 44. h4 f3 45. Be6 Be4 46. Bf7 Bd3 0-1

[Event "San Francisco TNM Spring op"]
[Site "San Francisco"]
[Date "2017.03.14"]
[Round "1"]
[White "Kanis, Sierk"]
[Black "Weingarten, Daniel P"]
[Result "1-0"]
[WhiteElo "1897"]
[BlackElo "1658"]
[PlyCount "56"]
[EventDate "2017.03.14"]
[EventType "swiss"]
[EventRounds "8"]
[EventCountry "USA"]
[SourceTitle "EXT 2023"]
[Source "ChessBase"]
[SourceDate "2022.10.05"]
[SourceVersion "1"]
[SourceVersionDate "2022.10.05"]
[SourceQuality "1"]

1. c4 c5 2. g3 Nc6 3. Bg2 Nf6 4. Nf3 d6 5. 0-0 g6 6. Nc3 Bg7 7. b3 0-0 8. Bb2 Rb8 9. d4 cxd4 10. Nxd4 Nxd4 11. Qxd4 a6 12. Rfd1 Be6 13. Nd5 Ne8 14. Qd2 Bxb2 15. Qxb2 Nc7 16. Rd4 Bxd5 17. cxd5 Ne8 18. Rc1 Rc8 19. Rxc8 Qxc8 20. Rc4 Qd7 21. Qc1 Kg7 22. Rh4 Rh8 23. Qh6+ Kg8 24. Bh3 f5 25. e4 Ng7 26. exf5 Nxf5 27. Bxf5 Qxf5 28. Rf4 Qc8 1-0